Computing essentials : (Record no. 20771)

000 -LEADER
fixed length control field 01200cam a2200229Ii 4500
020 ## - INTERNATIONAL STANDARD BOOK NUMBER
ISBN 9780073516868
020 ## - INTERNATIONAL STANDARD BOOK NUMBER
ISBN 0073516864
040 ## - CATALOGING SOURCE
Transcribing agency DLC
082 04 - DEWEY DECIMAL CLASSIFICATION NUMBER
Classification number 004 OLE 2021 A035 Or.
100 1# - MAIN ENTRY--AUTHOR NAME
Personal name O'Leary, Timothy J.,
245 10 - TITLE STATEMENT
Title Computing essentials :
Remainder of title making IT work for you /
246 14 - VARYING FORM OF TITLE
Title proper/short title Computing essentials 2014
250 ## - EDITION STATEMENT
Edition statement Complete edition
300 ## - PHYSICAL DESCRIPTION
Number of Pages xxvii, 438 pages :
Other physical details illustrations ;
Dimensions 28 cm
490 1# - SERIES STATEMENT
Series statement The O'Leary series
500 ## - GENERAL NOTE
General note Includes index
520 ## - SUMMARY, ETC.
Summary, etc "Computing Essentials 2014 provides you with a complete learning solution focusing on the most important, essential, and current concepts of information technology. Students are given a streamlined, concise, relevant approach to the fundamental issues surrounding the world of computing through a balance between theory and applied learning of these important topics. Overall, all of the items featured with this text --including the end-of-chapter materials and the text Web sit-work together to help students truly understand the basics of computer concepts." --Publisher's website
650 #0 - SUBJECT ADDED ENTRY--TOPICAL TERM
Topical Term Computers.
650 #0 - SUBJECT ADDED ENTRY--TOPICAL TERM
Topical Term Electronic data processing.
700 1# - ADDED ENTRY--PERSONAL NAME
Personal name O'Leary, Linda I.,
942 ## - ADDED ENTRY ELEMENTS (KOHA)
Koha item type ADB
952 ## - LOCATION AND ITEM INFORMATION (KOHA)
Withdrawn status [LOCAL, KOHA] 0
Holdings
Permanent Location Date acquired Koha item type Lost status Shelving location Barcode Current Location Full call number
Library Block A2022-11-25ADB A035a069751Library Block A004 OLE 2021 A035 Or.
មជ្ឈមណ្ឌលឯការនៃសាកលវិទ្យាល័យភូមិន្ទកសិកម្មចំការដូង

Powered by Koha